| 000 | 00860cam a2200265 i 4500 | ||
|---|---|---|---|
| 999 |
_c5035 _d5035 |
||
| 001 | zfc2bg b1355496 | ||
| 003 | OSt | ||
| 005 | 20181219163332.0 | ||
| 008 | 881012c19581956nyu | b 000 0 eng d | ||
| 010 | _a56007238 | ||
| 035 | _a(CaOTULAS)153474348 | ||
| 040 |
_aLCmod _cDLC |
||
| 045 | _av v | ||
| 082 |
_a190 _bB515A |
||
| 245 | 0 | 4 |
_aThe age of enlightenment : _bthe eighteenth century philosophers / _cselected, with introduction and interpretive commentary by Isaiah Berlin |
| 260 |
_aNew York : _bG. Braziller, _c1958, c1956 |
||
| 300 |
_a282 p. ; _c20 cm |
||
| 490 | 1 |
_aThe great ages of Western philosophy ; _v04 |
|
| 504 | _aBibliography: p. 278-280 | ||
| 650 | 0 |
_aPhilosophy, Modern _y18th century |
|
| 650 | 0 | _aEnlightenment | |
| 700 | 1 |
_aBerlin, Isaiah, _d1909-1997 |
|
| 830 | 0 |
_aGreat ages of Western philosophy ; _vv. 4 |
|
| 942 |
_2ddc _cBK |
||